Statistiken für Deutscher WM-Kader 2014

Klicken Sie hier um das Quiz zu spielen!

Allgemein

  • Dieses Quiz wurde 7,916 mal gespielt
  • Das Durchschnittsergebnis liegt bei 17 aus 24

Antwortstatistiken

# Spielposition Spieler % Korrekt
1TorhüterManuel Neuer
99%
7MittelfeldspielerBastian Schweinsteiger
92%
-BundestrainerJoachim Löw
92%
16MittelfeldspielerPhilipp Lahm
90%
20AbwehrJérôme Boateng
89%
13StürmerThomas Müller
87%
11StürmerMiroslav Klose
86%
19StürmerMario Götze
86%
15AbwehrMats Hummels
86%
8MittelfeldspielerMesut Özil
80%
6MittelfeldspielerSami Khedira
79%
10StürmerLukas Podolski
77%
18MittelfeldspielerToni Kroos
71%
22TorhüterRoman Weidenfeller
68%
9StürmerAndre Schürrle
66%
17AbwehrPer Mertesacker
66%
4AbwehrBenedikt Höwedes
61%
12TorhüterRon-Robert Zieler
58%
21AbwehrShkodran Mustafi
56%
23MittelfeldspielerChristoph Kramer
55%
2AbwehrKevin Großkreutz
49%
14MittelfeldspielerJulian Draxler
46%
3AbwehrMatthias Ginter
44%
15AbwehrErik Durm
41%

Verteilung der Resultate

Perzentil nach korrekt beantworteten Fragen

Anzahl Personen mit jedem Resultat

Ihre Resultats-Entwicklung

Sie haben dieses Quiz noch nicht gespielt